000
00289nam a22001337a 4500
008
170526b xxu||||| |||| 00| 0 eng d
020
_a
3540176632
041
_a
eng
080
_a
62
100
_a
27
101
_a
IM
245
_a
DESIGN OF VSLI CIRKUIT
_c
SCHLOER.M
942
_2
udc
_c
BK
999
_c
14618
_d
14618